Central Library OPAC University of Rajshahi

Light / (Record no. 71793)

MARC details
000 -LEADER
fixed length control field 00569nam a2200217 a 4500
001 - CONTROL NUMBER
control field 71793
003 - CONTROL NUMBER IDENTIFIER
rucl marc code BD-RjUL
005 - DATE AND TIME OF LATEST TRANSACTION
control field 20211209082149.0
008 - FIXED-LENGTH DATA ELEMENTS--GENERAL INFORMATION
fixed length control field 170508s1958 nyua|||| |||| 001 0 eng d
035 ## - SYSTEM CONTROL NUMBER
System control number (BD-RjUL)72009
040 ## - CATALOGING SOURCE
Original cataloging agency BD-RjUL
Language of cataloging eng
Transcribing agency BD-RjUL
Modifying agency BD-RjUL
041 ## - LANGUAGE CODE
Language code of text/sound track or separate title eng
082 ## - DEWEY DECIMAL CLASSIFICATION NUMBER
Edition number 23
Classification number 535
Author mark and year EFL 1958
100 1# - MAIN ENTRY--PERSONAL NAME
Personal name Efron, Alexander
9 (RLIN) 212387
245 10 - TITLE STATEMENT
Title Light /
Statement of responsibility, etc. Alexander Efron
260 ## - PUBLICATION, DISTRIBUTION, ETC. (IMPRINT)
Place of publication, distribution, etc. New York :
Name of publisher, distributor, etc. John F. Rider,
Date of publication, distribution, etc. 1958
300 ## - PHYSICAL DESCRIPTION
Pagination vi, 127 p. :
Illustrations ill. ;
Size 26 cm.
500 ## - GENERAL NOTE
General note Includes index
650 ## - SUBJECT ADDED ENTRY--TOPICAL TERM
Topical term or geographic name as entry element Light
9 (RLIN) 212388
942 ## - ADDED ENTRY ELEMENTS (KOHA)
Source of classification or shelving scheme Dewey Decimal Classification
Koha item type Books
Holdings
Lost status Source of classification or shelving scheme Damaged status Not for loan Collection code Permanent Location Current Location Shelving location Date acquired Source of acquisition Cost, normal purchase price Total Checkouts Full call number Date last seen Copy number Koha item type
  Dewey Decimal Classification   Not For Loan Non-fiction Central Library, University of Rajshahi Central Library, University of Rajshahi Reading Room 16/05/1963 Asia Foundation 0.00   535 EFL 1958 08/05/2017 C-1 Books